| 000 | 00449 a2200133 4500 | ||
|---|---|---|---|
| 005 | 20250611050033.0 | ||
| 020 | _a9780195216059 | ||
| 082 | _a338.9 WOR | ||
| 111 | _aThe International Bank for Reconstruction and Development/ The World Bank | ||
| 245 | _aFinance for Growth: Policy Choices in a Volatile World | ||
| 260 |
_aNewYork, _bOxford University Press _c2001 |
||
| 300 |
_axv,211p.;ill.; figures, tables _bBibliography _c23.5cm |
||
| 942 |
_2ddc _cBKS |
||
| 999 |
_c3679 _d3679 |
||